00721nam a2200193Ia 4500003000900000008004100009040001300050040001300063041000800076100002800084245011300112250002000225260002400245260000900269300001200278490004200290490000600332600018900338IT-RoPAU120407s9999 xx 000 0 und d aIT-RoPAU cIT-RoPAU aita aCharles Norris Cochrane a"Cristianesimo e cultura classica. tit.orig.: Christianity and classical culture. Trad. D. Gallino Michels." aBologna - Imola aIl Mulino - Galeati c1969 c20,5 cm aCollana di studi religiosi L. 6800 v1 a" 1- Cristianesimo e civiltà classica. 2 - Cristianesimo, Storia, Origini. I - Gallino Michels, Daisy. 270.1 BNI 69-10378"